000
00317nam a22001337a 4500
082
_a
894.812
_b
RAJ/K
100
_a
RAJEEV KUMAR
245
_a
KUSRITHIKKANAKKUKAL
246
_a
KUSRITHIKKANAKKUKAL
_b
KUSRITHIKKANAKKUKAL
260
_a
MALAPPURAM
_b
ASHARAFI
_c
2010
300
_a
40
650
_a
MALAYALAM G K
942
_c
BK
999
_c
8979
_d
8979